📖 150 premiers mots "Le message" AndrĂ©e Chedid - Statistiques

Statistiques générales
  • Ce quiz a Ă©tĂ© pris 35 fois
  • Le rĂ©sultat moyen est 49 sur 150
Statistiques - réponses
Mots % Correct
Marie
93%
Ă 
90%
a ...
90%
s'
90%
d'
76%
l'
76%
L'
76%
n'
66%
le
62%
de
59%
et
59%
Il
59%
la
55%
La
55%
sa
55%
elle
52%
Elle
52%
qu'
52%
des
48%
femme
45%
les
45%
ou
45%
pas
45%
pas.
45%
que
45%
dans
41%
Un
41%
pour
38%
son
38%
une
38%
en
34%
était
34%
jeune
34%
ne
34%
plus,
34%
plus.
34%
rien
34%
si
34%
avec
31%
bien
31%
cette
31%
comme
31%
passé.
31%
balle.
28%
dos,
28%
été
28%
grands
28%
main
28%
Mais
28%
mal
28%
ĂȘtre
24%
fois
24%
heure
24%
lui
24%
sur
24%
tout
24%
marche,
21%
puis
21%
rue
21%
bras
17%
déserte.
17%
dont
17%
point
17%
réelle.
17%
avaient
14%
avançait
14%
dite.
14%
sang
14%
sang.
14%
savoir
14%
Tandis
14%
arriver
10%
Autour,
10%
douleur
10%
fallait
10%
plaie
10%
plaie,
10%
prix
10%
vers
10%
veut
10%
aigu,
7%
arbres
7%
béants
7%
bref.
7%
cible.
7%
combats
7%
continua
7%
cuisant,
7%
déracinés,
7%
horreur
7%
illusion
7%
impact
7%
précaire.
7%
replia
7%
sentit
7%
soudain,
7%
venait
7%
arriĂšre
3%
atteinte
3%
baignée
3%
carbonisés
3%
chaussée
3%
clairement
3%
décharge
3%
défoncée,
3%
dura
3%
macadam,
3%
palper
3%
rectangles
3%
rudes ;
3%
trĂȘve,
3%
contempla
0%
immeubles,
0%
prouvaient
0%
rouillées
0%
tĂąches
0%
Aucun quiz correspondant
Distribution des résultats
% des personnes avec chaque résultat
Percentile par nombre de réponses
Votre historique - résultats
Vous n’avez pas pris ce quiz